Суперсовет. 2019, № 1 (56): Сердце (Запись № 11533954)

Подробности
000 -МАРКЕР
контрольное поле 00734nam2a2200205 4500
001 - ИДЕНТИФИКАТОР ЗАПИСИ
контрольное поле RU\NLR\BIBL_A\012027443
005 - ИДЕНТИФИКАТОР ВЕРСИИ
контрольное поле 20250626172312.0
035 ## - ДРУГИЕ СИСТЕМНЫЕ НОМЕРА
Идентификатор записи (NLR Aleph) 012027443
100 ## - ДАННЫЕ ОБЩЕЙ ОБРАБОТКИ
Данные общей обработки 20190603d2019 |||y0rusy50 ca
101 0# - ЯЗЫК РЕСУРСА
Язык текста, звукозаписи и т.д. русский
102 ## - СТРАНА ПУБЛИКАЦИИ ИЛИ ПРОИЗВОДСТВА
Страна публикации Российская Федерация
200 1# - ЗАГЛАВИЕ И СВЕДЕНИЯ ОБ ОТВЕТСТВЕННОСТИ
Основное заглавие Сердце
Сведения, относящиеся к заглавию как сохранить его здоровым
210 ## - ПУБЛИКАЦИЯ, РАСПРОСТРАНЕНИЕ И ДР.
Дата издания, распространения и т.д. 2019
Место издания, распространения и т.д. Б. м.
461 #0 - УРОВЕНЬ НАБОРА
Встроенное поле 001RU\NLR\BIBL_A\011489659
-- 2001#$aСуперсовет$eжурнал$fТолока$v2019, № 1 (56)
Системный номер (АБИС) связанной записи 11938187
Место публикации Смоленск
Дата публикации 2017 -
Первые сведения об ответственности Толока
Имя издателя, распространителя и т.д. Толока
Сведения, относящиеся к заглавию журнал
Заглавие Суперсовет
ISSN 2587-8514
Номер тома 2019, № 1 (56)
852 ## - МЕСТОНАХОЖДЕНИЕ И ШИФР ХРАНЕНИЯ
Идентификатор организации NLR
Шифр хранения (Call Number) П17/1766
942 ## - ДОПОЛНИТЕЛЬНЫЕ ЭЛЕМЕНТЫ ЗАПИСИ (АБИС)
Тип экземпляра АБИС Выпуск
980 ## - КОЛЛЕКЦИЯ
Название коллекции Национальная библиография
980 ## - КОЛЛЕКЦИЯ
Название коллекции Русская периодика

Нет доступных экземпляров.